000 00542nam a2200193Ia 4500
005 20250522104247.0
008 008 250516s9999 xx 000 0 eng d
020 _a9781032905075
040 _aSDCL
_beng
_cSDCL
041 _aeng
_2eng
084 _aV1'J, R4
_qSDCL
100 _aKumar, Rakesh
245 0 _aSocial formations in the medieval world :
_bFrom Roman civilization till the crisis of feudalism
260 _aLondon:
_bRoutledge,
_c2024.
300 _a237p.
365 _aINR
_b1295
650 _aHistory
942 _cTEXL
999 _c1429727
_d1429727